00319 a2200109 4500001001000000005001700010008004100027245002400068100003400092773006800126999001500194ART_2582720260410161602.0260409a 10aContabilidad social1 aGarcía Casella, Carlos Luis0 tProfesional & Empresariag- Año VI, Nº 71 (ago. 2005)wREV70 c9787d9787